banner koha

Determinação das variáveis de crescimento de Operculina macrocarpa L. Urban cultivada de forma orgânica no semiárido brasileiro (Registro n. 300850)

MARC details
000 -LÍDER
fixed length control field 03675nab a2200325 i 4500
003 - CÓDIGO MARC DA AGÊNCIA CATALOGADORA
Campo de controle BR-BrBNA
005 - DATA E HORA DA ÚLTIMA ATUALIZAÇÃO
Campo de controle 20240812135819.0
008 - CAMPO DE TAMANHO FIXO
fixed length control field 240812b2017 bl.qr|pooa||| 00| 0 por |
040 ## - FONTE DA CATALOGAÇÃO
Agência catalogadora BR-BrBNA
Idioma da catalogação por
072 ## - CATEGORIA AGRIS
Código AGRIS F50
100 ## - ENTRADA PRINCIPAL - NOME PESSOAL
Nome pessoal Silva, V.P.R.
100 ## - ENTRADA PRINCIPAL - NOME PESSOAL
Nome pessoal Veras, R.P.
100 ## - ENTRADA PRINCIPAL - NOME PESSOAL
Nome pessoal Dantas Neto, J.
100 ## - ENTRADA PRINCIPAL - NOME PESSOAL
Nome pessoal Almeida, R.S.R.
100 ## - ENTRADA PRINCIPAL - NOME PESSOAL
Nome pessoal Silva, B.B.
100 ## - ENTRADA PRINCIPAL - NOME PESSOAL
Nome pessoal Lima, V.L.A.
100 ## - ENTRADA PRINCIPAL - NOME PESSOAL
Nome pessoal Souza, E.P.
245 ## - TÍTULO PRINCIPAL
Título principal Determinação das variáveis de crescimento de Operculina macrocarpa L. Urban cultivada de forma orgânica no semiárido brasileiro
500 ## - NOTA GERAL
Nota geral Publicação on-line; 22 ref.; 4 tables; 1 illus.; Summaries (En, Pt)
942 ## - ADDED ENTRY ELEMENTS (KOHA)
Koha item type
520 ## - NOTA DE RESUMO
Nota de conteúdo <br/><br/>RESUMO: <br/><br/>A batata de purga (Operculina macrocarpa L. Urban) é amplamente utilizada pela<br/>população do semiárido brasileiro devido à sua atividade laxante, purgativa, depurativa, contra<br/>moléstias da pele e no tratamento da leucorreia da caprinovinocultura. O objetivo deste estudo<br/>foi determinar as principais características da batata-de-purga, tais como o peso das sementes,<br/>peso dos tubérculos, tamanho dos tubérculos, diâmetro dos tubérculos, número de sementes e<br/>o número de convolvos cultivados em 5 diferentes níveis de irrigação. As condições de cultivo<br/>da cultura foram com e sem sombreamento com cobertura plástica. Os tratamentos de irrigação<br/>foram com base na evapotranspiração de referência (ETo): T1 = 25%ETo; T2 = 50% ETo; T3<br/>= 75% ETo; T4 = 100% ETo e T5= 125%ETo. A irrigação foi realizada em turno de rega de<br/>3 dias e o volume de água aplicado foi com base o tratamento T4. Os valores diários da ETo<br/>foram determinados com base no método de Penman-Monteith. Os resultados indicaram que<br/>todos componentes de produção da batata-de-purga foram fortemente influenciadas tanto pelos<br/>níveis de água aplicados à cultura, quanto pelas condições de cultivo.<br/><br/>Palavras-chave: Convolvulaceae, evapotranspiração, Irrigação, produtividade
520 ## - NOTA DE RESUMO
Nota de conteúdo <br/><br/>ABSTRACT: <br/><br/>Determination of growth variables of Operculina macrocarpa L. Urban<br/>grown organically in the Brazilian semiarid. The purge potato (Operculina macrocarpa L.<br/>Urban) has its therapeutic value recognized by science and has been used in the treatment<br/>of skin diseases and leukorrhea. The objectives of this study were to determine the water use<br/>efficiency and yield components of purge potato, such as seed weight, tuber weight, tuber size,<br/>tuber diameter, number of seeds and the number of convolvos growing in 5 different levels of<br/>irrigation. The growing conditions were with and without shade by plastic cover. The irrigation<br/>treatments were based on reference evapotranspiration (ETo): T1 = 25% ETo; T2 = 50% ETo; T3<br/>= 75% ETo; T4 = 100% ETo and T5 = 125% ETo. Irrigation was performed in a 3 days irrigation<br/>interval and the water amount was applied based on the T4 treatment. The daily values in ETo<br/>were based on the Penman-Monteith approach. Our results indicated that all yield components<br/>in purge potato were strongly influenced by both water levels and growing conditions.<br/><br/>Keywords: Convolvulaceae, evapotranspiration, irrigation, yield.
650 ## - ASSUNTO - THESAGRO
Cabeçalho tópico ou nome geográfico CONVOLVULACEAE
650 ## - ASSUNTO - THESAGRO
Cabeçalho tópico ou nome geográfico EVAPOTRANSPIRAÇÃO
650 ## - ASSUNTO - THESAGRO
Cabeçalho tópico ou nome geográfico IRRIGAÇÃO
650 ## - ASSUNTO - THESAGRO
Cabeçalho tópico ou nome geográfico PRODUTIVIDADE
773 0# - ENTRADA ANALÍTICA
Host Biblionumber 3543
Registro do item 317119
Imprenta Botucatu-SP Instituto de Biociências - Departamento de Química e Bioquímica 1998
Outro identificador 2024-3719
Título Revista Brasileira de Plantas Medicinais (Brazil)
ISSN 1516-0572
Colação v. 19(2) p. 292-299; (2017)
Número de controle de registro BR2024002115
856 ## - ACESSO E ENDEREÇO ELETRÔNICO
Identificador uniforme de recurso - URI https://www.sbpmed.org.br/admin/files/papers/file_v1NRMWuRwf3Y.pdf

Nenhum exemplar disponível.

BINAGRI

Telefone: (61)3218-2567/2388/3357/2097 - binagri@agro.gov.br

Ministério da Agricultura e Pecuária , Esplanada dos Ministérios, Bloco D, Anexo B, Brasília/DF, CEP: 70.043-900